Mineros y comerciantes en el México borbónico, 1763-1810 (Record no. 746)

MARC details
000 -CABECERA
campo de control de longitud fija 01025nam a2200265 a 4500
001 - NÚMERO DE CONTROL
campo de control BRCA_851
005 - FECHA Y HORA DE LA ÚLTIMA TRANSACCIÓN
campo de control 20190320203157.0
008 - DATOS DE LONGITUD FIJA--INFORMACIÓN GENERAL
campo de control de longitud fija 710505s1975 enka---##b---#001-0#eng-#
020 ## - NÚMERO INTERNACIONAL ESTÁNDAR DEL LIBRO
Número Internacional Estándar del Libro 9681613406
040 ## - FUENTE DE LA CATALOGACIÓN
Centro catalogador/agencia de origen DLC
Centro/agencia transcriptor DLC
Centro/agencia modificador DLC
050 #4 - SIGNATURA TOPOGRÁFICA DE LA BIBLIOTECA DEL CONGRESO
Número de clasificación HC135
Número de documento/Ítem .B73 1975
100 1# - ENTRADA PRINCIPAL--NOMBRE DE PERSONA
Nombre de persona Brading, David A.
9 (RLIN) 853
245 10 - MENCIÓN DE TÍTULO
Título Mineros y comerciantes en el México borbónico, 1763-1810
Mención de responsabilidad, etc. D. A. Brading ; traducción de Roberto Gómez Ciriza.
260 ## - PUBLICACIÓN, DISTRIBUCIÓN, ETC.
Lugar de publicación, distribución, etc. México
Nombre del editor, distribuidor, etc. FCE
Fecha de publicación, distribución, etc. 1975
300 ## - DESCRIPCIÓN FÍSICA
Extensión 498 p.
Otras características físicas il., tablas, mapas
Dimensiones 21 cm.
440 #0 - MENCIÓN DE SERIE/PUNTO DE ACCESO ADICIONAL--TÍTULO
Título Sección de obras de historia
9 (RLIN) 2841
500 ## - NOTA GENERAL
Nota general Incluye índice analítico, índice de tablas, figuras, mapas e ilustraciones y glosario
500 ## - NOTA GENERAL
Nota general Traducción de : Miners and merchants in Bourbon Mexico, 1763-1810
504 ## - NOTA DE BIBLIOGRAFÍA, ETC.
Nota de bibliografía, etc. Bibliografía : p. 469-478
651 #4 - PUNTO DE ACCESO ADICIONAL DE MATERIA--NOMBRE GEOGRÁFICO
Nombre geográfico México
Subdivisión general Condiciones económicas
9 (RLIN) 2842
651 #4 - PUNTO DE ACCESO ADICIONAL DE MATERIA--NOMBRE GEOGRÁFICO
Nombre geográfico México
Subdivisión general Condiciones sociales
9 (RLIN) 810
651 #4 - PUNTO DE ACCESO ADICIONAL DE MATERIA--NOMBRE GEOGRÁFICO
Nombre geográfico México
Subdivisión general Historia
Subdivisión cronológica Colonia española, 1540-1810
9 (RLIN) 394
700 1# - PUNTO DE ACCESO ADICIONAL--NOMBRE DE PERSONA
Nombre de persona Gómez Ciriza, Roberto
9 (RLIN) 2843
942 ## - ELEMENTOS DE PUNTO DE ACCESO ADICIONAL (KOHA)
Fuente del sistema de clasificación o colocación Library of Congress Classification
Tipo de ítem Koha Libros
Holdings
Estado de retiro Estado de pérdida Estado dañado No para préstamo Localización permanente Ubicación/localización actual Fecha de adquisición Total de préstamos Signatura topográfica completa Código de barras Fecha visto por última vez Precio válido a partir de Tipo de ítem Koha
El ejemplar forma parte de la colección y puede ser consultado según las políticas vigentes.       Biblioteca del Museo Franz Mayer (Rogerio Casas-Alatriste) Biblioteca del Museo Franz Mayer (Rogerio Casas-Alatriste) 26/06/2008   HC135 .B73 1975 01323 22/03/2019 22/03/2019 Libros